| 000 | 01015cam a2200253 i 4500 | ||
|---|---|---|---|
| 003 | SA_RiAUC | ||
| 005 | 20241230073504.0 | ||
| 008 | 241227s2004____le g 000 0bara c | ||
| 040 |
_aSA-RiKAPL _bara _cSA-RiAUC _erda |
||
| 082 | 0 | 4 | _a234.65 |
| 090 |
_a234.65 _bه ا ش |
||
| 100 | 1 |
_aالهاشمي، محمد علي الحسني، _d1925- _eمؤلف. |
|
| 245 | 1 | 2 |
_aالشيخ عبد الفتاح أبو غدة كما عرفته / _cبقلم محمد علي الهاشمي. |
| 250 | _aالطبعة الأولى. | ||
| 264 | 1 |
_aبيروت : _bشركة دار البشائر الإسلامية، _c2004 |
|
| 300 |
_a182 صفحة ؛ _c20 سم |
||
| 336 |
_aنص _btxt _2rdacontent _3كتاب |
||
| 337 |
_aبدون وسيط _bn _2rdamedia |
||
| 338 |
_aمجلد _bnc _2rdacarrier |
||
| 600 | 1 | 7 |
_aأبو غدة، عبد الفتاح بن محمد بن بشير، _d1917-1997 _2aucnm |
| 650 | 7 |
_aالحديث _xتراجم الرواة _2aucsh |
|
| 942 |
_2ddc _cBOOK _n0 |
||
| 949 |
_aSA-JeALM _d241227 _umohamedma123 _n1 |
||
| 999 |
_c4087 _d4087 |
||